[Event "ISL-chT 1112"]
[Site "Reykjavik"]
[Date "2011.10.08"]
[Round "2.4"]
[White "Teitsson, Smari Rafn"]
[Black "Gunnarsson, Jon Viktor"]
[Result "0-1"]
[WhiteElo "2060"]
[BlackElo "2422"]
[PlyCount "76"]
[EventDate "2011.10.07"]
[EventType "team-tourn"]
[EventRounds "7"]
[EventCountry "ISL"]
[SourceTitle "EXT 2012"]
[Source "ChessBase"]
[SourceDate "2011.11.24"]
[SourceVersion "1"]
[SourceVersionDate "2011.11.24"]
[SourceQuality "1"]
[WhiteTeam "SA"]
[BlackTeam "TB"]
[WhiteTeamCountry "ISL"]
[BlackTeamCountry "ISL"]

1. e4 c5 2. Nf3 d6 3. d4 cxd4 4. Nxd4 Nf6 5. Nc3 g6 6. Be3 a6 7. Be2 Nbd7 8. 0-0 Bg7 9. Nb3 0-0 10. f4 b5 11. a3 Bb7 12. Bf3 Rc8 13. Qd3 Qc7 14. Rab1 Rfd8 15. Qe2 Ba8 16. Bf2 Re8 17. g4 Nb6 18. e5 Bxf3 19. Qxf3 dxe5 20. fxe5 Nfd7 21. e6 fxe6 22. Qe3 e5 23. Nd2 Nc4 24. Nxc4 Qxc4 25. h3 Nf6 26. Rfd1 e6 27. Qa7 Nd5 28. Qxa6 Nxc3 29. bxc3 Qxc3 30. Rd3 Qxc2 31. Rbd1 e4 32. Rd7 Rf8 33. Rxg7+ Kxg7 34. Rd7+ Rf7 35. Qa7 Qc1+ 36. Kg2 Qf4 37. Qd4+ Kg8 38. Rd8+ Rf8 0-1